Penning for peace : (Record no. 156109)

MARC details
000 -LEADER
fixed length control field 00701nam a22002057a 4500
005 - DATE AND TIME OF LATEST TRANSACTION
control field 20180831150555.0
010 ## - LCCN (DPL NO)
LC control number ENG-123847
020 ## - INTERNATIONAL STANDARD BOOK NUMBER
International Standard Book Number 9788189762582
Terms of availability 250.00
035 ## - SYSTEM CONTROL NUMBER
System control number EN-107379
037 ## - SOURCE OF ACQUISITION
Source of stock number/acquisition DBAD/PUB
082 ## - DEWEY DECIMAL CLASSIFICATION NUMBER
Classification number 302.2309545
245 ## - TITLE STATEMENT
Title Penning for peace :
Statement of responsibility, etc ed.by Melvil Pereira [and] Bhaswati Borgohain
Remainder of title media, conflict and the northeast /
260 ## - PUBLICATION, DISTRIBUTION, ETC. (IMPRINT)
Place of publication, distribution, etc New Delhi
Date of publication, distribution, etc 2016
Name of publisher, distributor, etc North Eastern Social Research Centre
270 ## - ADDRESS
City New Delhi
Address 10, Institutional Area, Lodhi Road,
Postal code 110003
300 ## - PHYSICAL DESCRIPTION
Extent 223p.
Dimensions 22(pbk.)
490 ## - SERIES STATEMENT
Series statement NESRC Peace Studies Series -10
700 ## - ADDED ENTRY--PERSONAL NAME
Personal name Pereira, Melvil
700 ## - ADDED ENTRY--PERSONAL NAME
Personal name Borgohain, Bhaswati
942 ## - ADDED ENTRY ELEMENTS (KOHA)
Source of classification or shelving scheme Dewey Decimal Classification
Item type English Books
Classification part 302.2309545
Call number suffix PEN
Holdings
Withdrawn status Lost status Not for loan Collection code Home library Current library Date acquired Source of acquisition Cost, normal purchase price Full call number Barcode Copy number Cost, replacement price Koha item type
    Not For Loan Non-fiction D.B.Act.Division Sarojini Nagar 20/08/2018 DBAD/PUB 250.00 302.2309545 PEN EN-107379 1 250.00 English Books

© Delhi Public Library
Hit Counter
free hit counter